000 02458cam a22006017a 4500
003 CHAP
005 20220817042131.0
008 971013s r 00010 d
010 _a35661
011 _a36633
035 _a40752
040 _cCHAP
082 _a338.9721
_bM49
110 _aMéxico. Secretaría de Industria y Comercio
_977185
245 0 _aIndicadores socioeconómicos de las zonas fronterizas
260 _aMéxico, D.F. :
_bLa Secretaría,
_c197 -
300 _av
500 _aEl año 1973 sólo incluye aspectos económicos
500 _aLa biblioteca tiene: 1973, 1976
590 _aBATCH-UPD
_b10
_c20130110
_lUCH01
_h0001
590 _aBATCH-UPD
_b10
_c20130110
_lUCH01
_h0239
590 _aBATCH-UPD
_b10
_c20130110
_lUCH01
_h1507
590 _aBATCH-UPD
_b10
_c20130409
_lUCH01
_h1935
590 _aBATCH-UPD
_b10
_c20130410
_lUCH01
_h0926
590 _aBATCH-UPD
_b10
_c20130914
_lUCH01
_h0523
590 _aBATCH-UPD
_b10
_c20180802
_lUCH01
_h0851
590 _aCONVERSION
_b10
_c20130109
_lUCH01
_h1320
650 4 _aCampeche
_xCondiciones económicas.
_917981
650 1 4 _aBaja California
_xCondiciones económicas.
_99483
650 1 4 _aBaja California
_xCondiciones sociales.
_99485
650 1 4 _aCampeche
_xCondiciones sociales.
_917983
650 1 4 _aChiapas
_xCondiciones sociales.
_922227
650 1 4 _aChihuahua
_xCondiciones económicas.
_922293
650 1 4 _aChihuahua
_xCondiciones sociales.
_922295
650 1 4 _aCoahuila
_xCondiciones económicas.
650 1 4 _aCoahuila
_xCondiciones sociales.
_923979
650 1 4 _aNuevo León
_xCondiciones económicas.
_982155
650 1 4 _aNuevo León
_xCondiciones sociales.
_982157
650 1 4 _aQuintana Roo
_xCondiciones económicas.
_993372
650 1 4 _aQuintana Roo
_xCondiciones sociales.
_993374
650 1 4 _aSonora
_xCondiciones económicas.
_9108580
650 1 4 _aSonora
_xCondiciones sociales.
_9108582
650 1 4 _aTabasco
_xCondiciones económicas.
_9111269
650 1 4 _aTabasco
_xCondiciones sociales.
_9111271
650 1 4 _aTamaulipas
_xCondiciones económicas.
_9111522
650 1 4 _aTamaulipas
_xCondiciones sociales.
_9111524
651 1 4 _aChiapas
_xCondiciones económicas.
_922225
901 _aBK
942 _cLIBRO
949 _a338.9721 M49
_bBC
_cC
_d33724000158465
_eC
_f1976
_h47201
_i40752
_mD
_si
949 _a338.9721 M49
_bBC
_cC
_d33724000158481
_eC
_f1973
_h47505
_i40752
_mD
_si
949 _a338.9721 M49
_bBC
_cC
_d33724000552949
_eC
_f1976 c.2
_h47504
_i40752
_si
999 _c35661
_d35661